00523 2200193 4500001002100000005001500021035002000036007000300056008004100059020002200100082001200122084001900134100001600153245004900169250000600218260004700224300003400271650002400305INLIS00000000000200020260204085055 a0010-0226000010ta260204 g 1 ind  a979-606-700-861-6 a297.246 a297.246 EKO k0 aEko Koswara1 aKisah Nabi Yusuf Alaihissalam /cEko Koswara a- aSidoarjo :bPT GLOBAL OFFSET SEJAHTERA,c- a32 hlm :bilus. ;c20 x 25 cm aKisah Nabi Yusuf AS